[Event "Eastern Asia-ch U20"]
[Site "Batangas"]
[Date "2019.12.13"]
[Round "6"]
[White "Paglinawan, Zeus Alexis"]
[Black "Lee, Care Greene"]
[Result "1-0"]
[WhiteElo "1647"]
[BlackElo "1979"]
[PlyCount "97"]
[EventDate "2019.12.10"]
[EventType "swiss"]
[EventRounds "9"]
[EventCountry "PHI"]
[SourceTitle "CBM 193 Extra"]
[Source "ChessBase"]
[SourceDate "2020.01.31"]
[SourceVersion "1"]
[SourceVersionDate "2020.01.31"]
[SourceQuality "1"]

1. Nf3 Nf6 2. b3 g6 3. Bb2 Bg7 4. e3 0-0 5. Be2 d6 6. d3 e5 7. Nbd2 Nc6 8. a3 a5 9. c4 Re8 10. Qc2 d5 11. cxd5 Nxd5 12. 0-0 Be6 13. Rac1 f6 14. Rfe1 Bf7 15. Ne4 Nce7 16. d4 exd4 17. Nxd4 c6 18. Nc5 Qc8 19. Red1 Bh6 20. Ne4 Nf5 21. Nxf5 Qxf5 22. Nd6 Qxc2 23. Rxc2 Re7 24. Nxf7 Kxf7 25. Bc4 Rd8 26. Rd4 Kg7 27. e4 b5 28. Bf1 Ne3 29. Rxd8 Nxc2 30. Bd3 Ne1 31. Bb1 b4 32. a4 Bf4 33. Rd1 Be5 34. Bxe5 Rxe5 35. Rxe1 Rc5 36. Bd3 Rc3 37. Bc4 c5 38. e5 fxe5 39. Rxe5 Rc1+ 40. Bf1 c4 41. bxc4 b3 42. Rb5 Rb1 43. g3 b2 44. Kg2 Ra1 45. Rxb2 Rxa4 46. c5 Ra1 47. Rc2 Rb1 48. c6 Rb8 49. c7 1-0

[Event "Eastern Asia-ch U20"]
[Site "Batangas"]
[Date "2019.12.12"]
[Round "5"]
[White "Mordido, Justine Diego"]
[Black "Paglinawan, Zeus Alexis"]
[Result "1/2-1/2"]
[WhiteElo "1840"]
[BlackElo "1647"]
[PlyCount "95"]
[EventDate "2019.12.10"]
[EventType "swiss"]
[EventRounds "9"]
[EventCountry "PHI"]
[SourceTitle "CBM 193 Extra"]
[Source "ChessBase"]
[SourceDate "2020.01.31"]
[SourceVersion "1"]
[SourceVersionDate "2020.01.31"]
[SourceQuality "1"]

1. c4 c6 2. Nc3 d5 3. d4 Nf6 4. Nf3 e6 5. e3 Bd6 6. Bd3 Nbd7 7. Qc2 dxc4 8. Bxc4 b5 9. Bd3 Bb7 10. 0-0 0-0 11. Ng5 h6 12. Nge4 Be7 13. Nxf6+ Nxf6 14. Ne4 Nxe4 15. Bxe4 Qb6 16. b3 Rac8 17. Bb2 c5 18. Bxb7 Qxb7 19. dxc5 Rxc5 20. Qe2 Qe4 21. Rac1 Rfc8 22. Rxc5 Rxc5 23. Bd4 Rg5 24. f3 Qb7 25. f4 Rd5 26. Qg4 g6 27. Qe2 Bc5 28. Bxc5 Rxc5 29. Rd1 Qe4 30. Qd3 Qxd3 31. Rxd3 Rc1+ 32. Kf2 Rc2+ 33. Kf3 Rxa2 34. Rd8+ Kg7 35. Rb8 a6 36. b4 h5 37. Ra8 Ra3 38. h4 Kf6 39. Ra7 Ra4 40. g4 Rxb4 41. Rxa6 Rb1 42. g5+ Kg7 43. Rb6 b4 44. Kg2 b3 45. Rb8 b2 46. e4 Re1 47. Rxb2 Rxe4 48. Kf3 1/2-1/2

[Event "Eastern Asia-ch U20"]
[Site "Batangas"]
[Date "2019.12.11"]
[Round "3"]
[White "Velarde, Jerish John"]
[Black "Paglinawan, Zeus Alexis"]
[Result "1-0"]
[WhiteElo "1907"]
[BlackElo "1647"]
[PlyCount "149"]
[EventDate "2019.12.10"]
[EventType "swiss"]
[EventRounds "9"]
[EventCountry "PHI"]
[SourceTitle "CBM 193 Extra"]
[Source "ChessBase"]
[SourceDate "2020.01.31"]
[SourceVersion "1"]
[SourceVersionDate "2020.01.31"]
[SourceQuality "1"]

1. d4 d5 2. c4 c6 3. Nf3 Nf6 4. g3 Bf5 5. Bg2 e6 6. 0-0 Bd6 7. b3 Nbd7 8. Bb2 Qc7 9. Nbd2 h6 10. Rc1 0-0 11. Re1 Bh7 12. e3 a5 13. a3 Rfe8 14. Nh4 Ne4 15. f4 Ndf6 16. Nhf3 Qe7 17. c5 Bc7 18. Nxe4 Nxe4 19. Nd2 Nxd2 20. Qxd2 Be4 21. Bxe4 dxe4 22. Qg2 f5 23. g4 Kh7 24. Kh1 Qf7 25. Rg1 g6 26. Qh3 fxg4 27. Rxg4 Qf5 28. Rcg1 Rg8 29. Qg2 Raf8 30. Bc3 Ra8 31. Be1 Bd8 32. Bc3 Bf6 33. Qd2 h5 34. R4g2 Qd5 35. Qc2 Qf5 36. Qd2 Qd5 37. Qd1 Qf5 38. a4 Kh6 39. Qe1 Qd5 40. Qd1 Qf5 41. Qd2 Qd5 42. Qc2 Qf5 43. Qb1 Qd5 44. Rg5 Bxg5 45. Rxg5 Qd7 46. Qxe4 Qf7 47. Be1 Rge8 48. Qg2 Rad8 49. Bf2 Rd5 50. Rg3 Rf5 51. h4 Kh7 52. Be1 Rd5 53. Bc3 Rf5 54. Bxa5 Rg8 55. Bd2 Qe7 56. Rh3 Qf7 57. Qg3 e5 58. dxe5 Qd5+ 59. Qg2 Qxg2+ 60. Kxg2 Rd8 61. Bc3 Rf7 62. Bd4 Re7 63. Kf3 Rd5 64. Rh1 Kg7 65. Rg1 Kf7 66. Rg5 Re8 67. Ke4 Re6 68. Kd3 Re8 69. e4 Rdd8 70. Ke3 Re7 71. f5 gxf5 72. exf5 Rd5 73. e6+ Kf8 74. Ke4 Rh7 75. Be5 1-0